[Event "32nd Reykjavik Open 2017"]
[Site "Reykjavik"]
[Date "2017.04.21"]
[Round "4"]
[White "Beliavsky, Alexander G"]
[Black "Dougherty, Michael"]
[Result "1-0"]
[WhiteElo "2597"]
[BlackElo "2171"]
[Annotator "TA"]
[PlyCount "83"]
[EventDate "2017.??.??"]
[EventType "swiss"]
[EventCountry "ISL"]
[SourceTitle "playchess.com"]
[Source "ChessBase"]
[SourceQuality "1"]

{[%evp 20,83,30,16,23,16,28,17,5,0,36,0,0,9,32,39,40,40,54,74,92,0,0,0,12,7,56,-52,-52,-49,-48,-45,7,15,14,14,6,9,123,112,115,83,120,46,206,203,211,209,208,225,231,208,228,185,430,428,410,308,700,691,656,492,29989,29990,29991,2206]} 1. d4 Nf6 2. c4 e6 3. Nc3 Bb4 4. Qc2 O-O 5. a3 Bxc3+ 6. Qxc3 Ne4 7. Qc2 f5 8. Nh3 Nc6 9. e3 d6 10. f3 {E32: Nimzo-Indian: Classical (4 Qc2): 4...0-0} Nf6 11. Bd3 {LiveBook: 5 Games} (11. Bd2 e5 12. dxe5 dxe5 13. O-O-O Qe7 14. Bd3 g6 15. Nf2 a5 16. Bc3 Qc5 {1-0 (58) Braun,A (2549)-Brynell,S (2459) Germany 2015}) 11... e5 12. dxe5 {White has an edge.} Nxe5 13. Bxf5 Bxf5 $146 (13... d5 14. Bxc8 Qxc8 15. Nf4 dxc4 16. O-O b5 17. e4 c6 {½-½ (48) Ballo,E (2253)-Behnicke,E Frankfurt 2000}) 14. Qxf5 Qe7 15. b3 Nfd7 16. Qg5 $1 {[%cal Rg5e7]} Qxg5 17. Nxg5 Nc5 18. Rb1 $1 h6 19. Nh3 $1 a5 {[%cal Ba7a5,Ba5a4][%mdl 32] [#]} 20. Ke2 (20. a4 $1 $16) 20... a4 $1 $11 {[%cal Ra4b3]} 21. f4 Ng4 22. b4 Ne4 {...Nc3+ is the strong threat.} 23. Bb2 (23. Rb2 $1 $14) 23... Rae8 $15 24. Rbd1 c6 25. Rd4 Nxe3 ({Better is} 25... h5 $15) 26. Kxe3 $11 Ng3+ $1 27. Kf3 Nxh1 28. Rd1 $36 {[%mdl 2048] White is pushing.} g5 (28... Re7 $11) 29. Rxh1 $16 g4+ 30. Kxg4 {[#] Hoping for Kf3.} Re2 31. Bd4 (31. Bc1 $16) 31... Rd2 $2 (31... Rxg2+ $14 32. Kh5 Rd2 33. Rg1+ Kf7 34. Rg7+ (34. Kxh6 $2 Rxd4 35. Rg7+ Ke8 $19) 34... Ke6) 32. Bf2 $18 Re8 33. Rc1 Rd3 34. Ra1 Re2 35. g3 Rc2 36. c5 d5 $2 (36... dxc5 {was worth a try.} 37. bxc5 Rcc3) 37. Kh5 Kg7 38. Re1 Kf6 $2 (38... Rdd2 39. Re7+ Kf6 40. Rxb7 Rxf2) 39. Kxh6 Ra2 40. Re8 Raxa3 (40... Rdxa3 $18 41. Rf8+ Ke7) 41. Ng5 Ra2 42. g4 1-0

[Event "32nd Reykjavik Open 2017"]
[Site "Reykjavik"]
[Date "2017.04.21"]
[Round "4"]
[White "Can, Emre"]
[Black "Ptacnikova, Lenka"]
[Result "1-0"]
[WhiteElo "2578"]
[BlackElo "2242"]
[Annotator "TA"]
[PlyCount "85"]
[EventDate "2017.??.??"]
[EventType "swiss"]
[EventCountry "ISL"]
[SourceTitle "playchess.com"]
[Source "ChessBase"]
[SourceQuality "1"]

{[%evp 16,85,99,62,104,102,197,153,183,133,120,117,183,22,15,16,16,13,20,19,14,0,35,16,62,52,81,72,103,76,151,147,212,145,142,134,391,335,335,271,225,227,275,251,248,227,222,216,217,218,227,177,225,225,227,212,249,94,186,203,193,164,448,448,445,444,437,437,432,422,404,385]} 1. Nf3 c5 2. c4 Nf6 3. d4 cxd4 4. Nxd4 Nc6 5. Nc3 Nxd4 6. Qxd4 g6 7. e4 Bg7 {B36: Sicilian: Maroczy Bind: Gurgenidze System} (7... d6 8. Bg5 Bg7 9. Qd2 O-O 10. Be2 a5 11. O-O a4 12. Qe3 Qa5 13. Rac1 Be6 14. f4 Rfc8 15. b3 axb3 16. axb3 Qc5 17. Qxc5 Rxc5 18. Bf3 {0-1 (94) Vidit,S (2689)-Melkumyan,H (2633) Doha 2016}) 8. e5 Ng8 9. Bf4 {LiveBook: 3 Games} d6 $1 {White is slightly better.} 10. c5 {[%cal Rc5d6]} Bxe5 $146 (10... dxe5 $16 11. Bb5+ Bd7 12. Bxe5 Nf6) (10... dxe5 11. Bb5+ Bd7 12. Bxe5 f6 13. Bxd7+ Qxd7 14. Qxd7+ Kxd7 15. O-O-O+ {0-1 (30) Chernov,M (2220)-Medvedev,E (2274) Novokuznetsk 2012}) 11. Bxe5 $18 dxe5 12. Bb5+ Bd7 13. Qxe5 f6 (13... Nf6 $16) 14. Qe3 $2 (14. Qe2 $18 Bxb5 15. Qxb5+ Qd7 16. Qc4) 14... Bxb5 $11 15. Nxb5 {And now 0-0 would win.} Qa5+ 16. Nc3 {aiming for 0-0.} Rc8 17. O-O {[#] Strongly threatening Nd5.} Qxc5 18. Qh3 Qf5 {Black wants to play ...Qxh3.} 19. Qh4 {[%mdl 1024] White has compensation.} Kf7 20. Rad1 {[%cal Ba1d1,Bd1d7,Bd7d5][%mdl 32]} h5 21. Qa4 h4 22. h3 g5 ({Better is} 22... Qc5) 23. Rfe1 Rh7 (23... Qc5 $16 {was called for.} 24. Rd7 Qc6) 24. Rd7 Rg7 25. Qb3+ Ke8 $2 {[%mdl 8192]} (25... Kg6 $16 26. Rxb7 (26. Qxb7 Rb8 27. Qxb8 Qxd7 $16) 26... a6) 26. Rd5 Qf4 27. Qxb7 Qc7 28. Qa6 {[#] Threatens to win with Nb5.} Qc6 29. Qxa7 g4 {Threatening ...gxh3.} 30. hxg4 Rxg4 31. Qe3 Kf7 32. Qe2 Rg6 {...e6 is the strong threat.} 33. Qb5 (33. Qh5 e6 $16) 33... Qa8 34. Qd3 Rb8 35. Re2 Rb4 36. Re4 $2 (36. Ne4 $18 {has better winning chances.}) 36... Rxb2 (36... Rxe4 $16 {was necessary.} 37. Qxe4 Qc6) 37. Rxh4 $18 ({Don't play} 37. Rb5 $6 Rxb5 38. Qxb5 Rg5 39. Qc4+ Kf8 $14) 37... Nh6 38. Qh3 $36 {[%mdl 2048] Keeping Black busy.} Qa7 $2 (38... Rb1+ 39. Rd1 (39. Nxb1 Qxd5 40. Rxh6 Rxh6 41. Qxh6 Qd1+ 42. Kh2 Qxb1 $16) 39... Rxd1+ 40. Nxd1 Qa5) 39. Nd1 Qxa2 40. Rxh6 Qxd5 41. Rh7+ Kg8 42. Rh8+ Kf7 43. Nxb2 1-0

[Event "32nd Reykjavik Open 2017"]
[Site "Reykjavik"]
[Date "2017.04.21"]
[Round "4"]
[White "Stefansson, Hannes"]
[Black "Henderson de La Fuente, Lance"]
[Result "1-0"]
[WhiteElo "2566"]
[BlackElo "2372"]
[Annotator "TA"]
[PlyCount "72"]
[EventDate "2017.??.??"]
[EventType "swiss"]
[EventCountry "ISL"]
[SourceTitle "playchess.com"]
[Source "ChessBase"]
[SourceQuality "1"]

{[%evp 16,72,25,0,8,7,75,93,109,92,100,102,113,100,98,107,104,122,105,114,109,107,110,66,63,68,115,112,104,61,134,107,124,122,123,118,135,134,127,133,129,133,120,126,129,131,131,137,131,126,383,376,431,422,471,468,454,448,456]} 1. d4 Nf6 2. c4 e6 3. Nf3 b6 4. g3 Ba6 5. b3 Bb4+ 6. Bd2 Be7 7. Nc3 c6 8. e4 d5 9. exd5 {LiveBook: 3 Games. E15: Queen's Indian: 4 g3 sidelines, 4 g3 Ba6 and 4 g3 Bb7 early deviations} (9. Bd3 $5 {with more complications.} c5 10. exd5 exd5 11. Nxd5 Nxd5 12. Be4) 9... cxd5 10. Ne5 Nfd7 $146 (10... O-O $11) (10... Bb7 11. Bg2 Nc6 12. O-O Nxd4 13. Bf4 Nf5 14. cxd5 Nxd5 15. Nxd5 Bxd5 16. Nc6 Qd7 17. Bxd5 exd5 {½-½ (29) Mamedyarov,S (2748)-Karjakin,S (2779) Shamkir 2016}) 11. cxd5 $16 {White is better.} Nxe5 12. Bxa6 Nxa6 13. dxe5 {Black must now prevent d6.} exd5 14. Qg4 $1 {[%cal Rg4a4] Strongly threatening Qa4+.} Kf8 15. O-O h5 16. Qf3 Nc7 17. Rad1 Qd7 18. Be3 {[%cal Rc3d5]} Rd8 19. h4 Qg4 20. Kg2 Bb4 21. Ne2 Bc5 22. Bg5 Rd7 ({Better is} 22... Re8 $14) 23. Rd3 Kg8 {[#]} 24. Rfd1 $1 Kh7 25. Nf4 Qxf3+ 26. Kxf3 ({But not} 26. Rxf3 $6 Re8 $11) 26... d4 27. b4 Bxb4 28. Rxd4 Rxd4 29. Rxd4 Bc3 30. Rd7 Ne6 31. Nxe6 fxe6 {KRB-KRB} 32. Ke4 Kg6 $2 {[%mdl 8192] [#]} (32... Rc8 $16 {was worth a try.} 33. Rxa7 Kg6) 33. Re7 $1 $18 ({Not} 33. Rxa7 Rc8 34. Ra6 Kf7 $16) 33... Ra8 34. Rxe6+ {White is clearly winning.} Kf7 35. Re7+ Kf8 36. Rb7 Bb4 1-0

[Event "32nd Reykjavik Open 2017"]
[Site "Reykjavik"]
[Date "2017.04.21"]
[Round "4"]
[White "Ramirez, Alejandro"]
[Black "Andreikin, Dmitry"]
[Result "1/2-1/2"]
[WhiteElo "2555"]
[BlackElo "2734"]
[Annotator "TA"]
[PlyCount "67"]
[EventDate "2017.??.??"]
[EventType "swiss"]
[EventCountry "ISL"]
[SourceTitle "playchess.com"]
[Source "ChessBase"]
[SourceQuality "1"]

{[%evp 18,67,23,12,24,0,0,0,0,-7,14,0,33,0,0,-58,-57,-30,-41,-54,-18,-20,-15,-18,-25,-33,-32,-31,-27,-31,-12,-30,-12,-13,-5,-5,0,-7,-7,-7,-6,-8,0,0,0,0,0,0,0,0,0,0]} 1. e4 c5 2. Nf3 d6 3. Bb5+ Nd7 4. c3 Ngf6 5. Qe2 a6 6. Ba4 b5 7. Bc2 Bb7 {B51: Sicilian: Moscow Variation (3 Bb5+) without 3...Bd7} 8. O-O g6 9. d4 Bg7 10. Re1 {LiveBook: 8 Games} e5 11. a4 cxd4 $146 (11... O-O 12. dxe5 Nxe5 13. Nxe5 dxe5 14. axb5 axb5 15. Rxa8 Qxa8 {0-1 (46) Svetushkin,D (2543)-Nepomniachtchi,I (2740) Baku 2016}) 12. cxd4 exd4 13. axb5 Qb6 (13... O-O $5 {creates asymmetry.} 14. Nxd4 Re8 15. Nc3 Nxe4 16. Nxe4 Bxd4 17. Be3 Bxe4 18. Bxd4 Bxc2 19. Qxc2 axb5 20. Qc6 Rxa1 21. Rxa1 Nc5) 14. bxa6 Rxa6 15. Rxa6 (15. Na3 $5 {looks sharper.} O-O 16. Bd3 Nc5 17. Bxa6 Bxa6 18. Nc4) 15... Bxa6 16. Bd3 (16. Qd1 $11) 16... Bxd3 $15 17. Qxd3 Ng4 18. Na3 Nge5 19. Qb5 O-O 20. Qxb6 Nxb6 21. Rd1 Nxf3+ 22. gxf3 d5 23. Bf4 dxe4 24. fxe4 Re8 25. e5 {The position is equal.} g5 26. Bxg5 Rxe5 27. Bf4 Rf5 28. Bc1 Na4 29. Nc2 Rb5 30. Kg2 f5 31. Kf3 ({But not} 31. Nxd4 $2 Rd5 32. Be3 f4 $19) 31... Rb3+ 32. Ke2 Nxb2 33. Nxd4 {[#] Strongly threatening Rg1.} (33. Rxd4 $2 Bxd4 34. Nxd4 Rb4 35. Nxf5 Kf7 $17) 33... Nxd1 34. Nxb3 1/2-1/2

[Event "32nd Reykjavik Open 2017"]
[Site "Reykjavik"]
[Date "2017.04.21"]
[Round "4"]
[White "Donchenko, Alexander"]
[Black "Almasi, Zoltan"]
[Result "1/2-1/2"]
[WhiteElo "2554"]
[BlackElo "2696"]
[Annotator "TA"]
[PlyCount "68"]
[EventDate "2017.??.??"]
[EventType "swiss"]
[EventCountry "ISL"]
[SourceTitle "playchess.com"]
[Source "ChessBase"]
[SourceQuality "1"]

{[%evp 10,68,16,2,8,0,0,0,0,-2,0,-4,6,5,27,-20,-6,-29,-5,-29,-23,-30,-14,-30,-7,-46,-46,-46,-50,-40,-39,-35,-27,-50,-33,-41,-47,-65,-50,-34,-6,-6,-6,-26,-30,-29,-17,-12,-16,-22,58,58,69,2,56,0,61,0,59,0,54]} 1. Nf3 g6 2. g3 Bg7 3. Bg2 c5 4. c4 Nc6 5. Nc3 d6 6. a3 e6 {A37: Symmetrical English vs ...g6: 4 Bg2 Bg7 5 Nf3} 7. e3 (7. Rb1 Nge7 8. b4 O-O 9. O-O b6 10. Bb2 cxb4 11. axb4 Nxb4 12. Nd4 Rb8 13. Ndb5 Nec6 14. Ba3 a6 15. Bxb4 Nxb4 16. Rxb4 axb5 17. Nxb5 {1-0 (61) Kovalenko,I (2680)-Svidler,P (2751) Tallinn 2016}) 7... Nge7 8. O-O O-O 9. d4 b6 10. b3 Ba6 11. Re1 Nf5 $146 {[%cal Rc5d4]} (11... Rc8 12. Bb2 Na5 13. d5 exd5 14. cxd5 {0-1 (35) Janssen,G (2236)-Livshits,G (2375) Dieren 2005}) 12. Nb5 d5 13. Bb2 Rc8 14. Ne5 Bxb5 15. cxb5 Nxe5 16. dxe5 Qc7 17. e4 dxe4 18. Rxe4 Rfd8 19. Qe2 Nd4 20. Bxd4 $1 Rxd4 21. Re1 Rcd8 22. f4 Rd2 23. Qf3 R8d3 24. R4e3 c4 {And now ...Rxe3 would win.} 25. Qc6 $1 {[%cal Rc6c7]} Qe7 26. b4 Rc2 27. Be4 Rxe3 28. Rxe3 Rc1+ 29. Kf2 Bf8 (29... Qd8 $1 $11 30. Qa8 (30. Qd6 Qxd6 31. exd6 Rd1 $17) 30... Qxa8 31. Bxa8 {[#]} g5 $1 {[%mdl 512]}) 30. Qc8 $14 Kg7 31. Re1 (31. Bd3 $14) 31... Rc3 (31... Rxe1 $1 $11 32. Kxe1 f6) 32. Re3 Rc1 33. Re1 Rc3 34. Re3 Rc1 1/2-1/2

[Event "32nd Reykjavik Open 2017"]
[Site "Reykjavik"]
[Date "2017.04.21"]
[Round "4"]
[White "Hjartarson, Johann"]
[Black "Vidit, Santosh Gujrathi"]
[Result "0-1"]
[WhiteElo "2536"]
[BlackElo "2670"]
[Annotator "TA"]
[PlyCount "52"]
[EventDate "2017.??.??"]
[EventType "swiss"]
[EventCountry "ISL"]
[SourceTitle "playchess.com"]
[Source "ChessBase"]
[SourceQuality "1"]

{[%evp 21,52,-33,-36,-60,-25,-35,-37,-44,-57,-137,-142,-144,-131,-129,-128,-203,-195,-618,-616,-683,-686,-768,-770,-762,-762,-758,-752,-719,-694,-692,-686,-678,-668]} 1. e4 c5 2. Nf3 d6 3. d4 cxd4 4. Nxd4 Nf6 5. Nc3 a6 6. Be2 e5 7. Nb3 Be7 8. O-O O-O 9. Kh1 b6 10. f4 Bb7 11. Bf3 {B92: Sicilian Najdorf: 6 Be2} Nbd7 {LiveBook: 31 Games} 12. Qe2 (12. Be3 b5 13. a3 Rc8 14. Qe1 Rc4 15. Nd2 Rc7 16. Qg3 Kh8 17. Rad1 Qa8 18. fxe5 dxe5 {0-1 (35) Ismagambetov,A (2505)-Wang,H (2718) Shenzhen 2011}) 12... b5 $146 (12... Rc8 13. Be3 b5 14. fxe5 dxe5 15. Rad1 Qc7 16. Rf2 Rfd8 17. g3 b4 18. Nd5 Nxd5 19. exd5 {0-1 (36) Cabrera,M (2139)-Barrientos Chavarriaga,S (2481) Alajuela 2014}) 13. a3 {Black has an edge.} Rc8 14. f5 Re8 15. g4 {[#]} (15. Bd2 $15) 15... d5 $1 $17 {[%mdl 512]} 16. exd5 {[#]} (16. Nxd5 Nxd5) 16... e4 $1 {[%cal Re4f3][%mdl 512]} 17. Bg2 (17. Nxe4 $2 Nxe4 18. Bxe4 Bd6 $19) ({Wrong is} 17. Bxe4 $2 Bd6 18. Bg5 (18. Nd2 $2 Rxc3 19. bxc3 Nxe4 $19) 18... Rxc3 $1 {[%mdl 512]} 19. bxc3 Bxd5 $19) 17... Nxd5 {[%cal Bf6d5,Bd5b4,Bb4c2][%mdl 32]} 18. Nxe4 {[#]} ({Don't choose} 18. Qxe4 $2 Bd6 19. Qd4 Qh4 $19) (18. Nxd5 $17 Bxd5 19. Rd1) 18... N7f6 $1 $19 {[%cal Rf6e4]} 19. c3 $2 (19. Nxf6+ Bxf6 20. Qd1) 19... Nxe4 {Black is clearly winning.} 20. Qxe4 Bd6 21. Qc2 Qh4 {[%csl Gd6][%cal Rh4h2]} 22. Bf3 {[#]} Nb4 $1 {[%mdl 512]} 23. Bg5 (23. axb4 Bxf3+) 23... Bxf3+ ({Not} 23... Qxg5 24. axb4 Bxf3+ 25. Rxf3 $11) 24. Rxf3 Nxc2 {[%csl Gd6][%cal Rh4h2]} 25. Bxh4 Nxa1 26. Nxa1 Re2 0-1

[Event "32nd Reykjavik Open 2017"]
[Site "Reykjavik"]
[Date "2017.04.21"]
[Round "4"]
[White "Harika, Dronavalli"]
[Black "Burrows, Martin P"]
[Result "1-0"]
[WhiteElo "2521"]
[BlackElo "2113"]
[Annotator "TA"]
[PlyCount "59"]
[EventDate "2017.??.??"]
[EventType "swiss"]
[EventCountry "ISL"]
[SourceTitle "playchess.com"]
[Source "ChessBase"]
[SourceQuality "1"]

{[%evp 12,59,25,1,44,52,48,53,54,27,27,40,25,23,35,17,37,44,99,97,105,95,96,102,115,78,173,185,192,173,184,181,172,195,173,195,250,246,330,345,335,333,730,729,705,650,1298,996,951,945]} 1. Nf3 Nf6 2. g3 g6 3. Bg2 Bg7 4. O-O O-O 5. d4 d6 6. b3 {[%cal Bb2b3,Bb3b4][%mdl 32]} c5 7. c4 cxd4 {E60: King's Indian: Unusual lines and Fianchetto Variation without Nc3} (7... Nc6 8. Bb2 Ne4 9. Nbd2 Bf5 10. Nh4 Nxd2 11. Qxd2 Nxd4 12. Bxd4 Bxd4 13. Nxf5 gxf5 14. Rad1 Qd7 15. Bh3 e6 16. e3 Be5 17. f4 Bf6 18. Qxd6 Qxd6 19. Rxd6 Rfd8 20. Rfd1 Rxd6 21. Rxd6 Rd8 22. Rxd8+ Bxd8 {½-½ (22) Fridman,D (2596)-Saric,I (2652) Tallinn 2016}) 8. Nxd4 a6 9. Bb2 Nbd7 {White is slightly better.} 10. Nd2 Nc5 11. b4 Ne6 $146 (11... Ncd7 12. Nc2 Re8 13. e4 Nf8 14. Ne3 Rb8 15. a4 b6 16. Qb3 Bb7 17. Rfd1 {0-1 (17) Midy,R (1796)-Noblet,R (2057) Sautron 2013}) 12. N2b3 Nxd4 13. Bxd4 (13. Qxd4 $5 {is more complex.} Bg4 14. Rfc1 Qc7 15. c5 Bxe2 16. cxd6 Qxd6 17. Qxd6 exd6 18. Bxb7 Rab8 19. Na5) 13... Be6 14. c5 d5 ({Black should play} 14... Qd7 $14) 15. Rc1 $16 Qd7 16. Qd2 h5 17. Rfd1 Rfd8 18. Qe1 Qa4 {[#]} (18... Qc7 $16 {was called for.}) 19. c6 $1 $18 {[%cal Rc6b7][%mdl 512]} bxc6 20. Nc5 Qb5 21. a4 $36 {[%mdl 2048] Keeping Black busy.} Qb8 22. Nxe6 fxe6 23. Rxc6 e5 (23... Rd6 $142 24. Rdc1 Ng4) 24. Rb6 Qa7 {[#]} 25. Rxf6 $1 {[%mdl 512]} exd4 (25... exf6 26. Bxa7) 26. Rxg6 Rac8 $2 (26... Kf7) 27. Qd2 {White is clearly winning.} e5 28. Bh3 Rc7 29. Qg5 {Threatening mate with Be6+.} Re8 30. Be6+ 1-0

[Event "32nd Reykjavik Open 2017"]
[Site "Reykjavik"]
[Date "2017.04.21"]
[Round "4"]
[White "Bailet, Pierre"]
[Black "Grandelius, Nils"]
[Result "0-1"]
[WhiteElo "2510"]
[BlackElo "2641"]
[Annotator "TA"]
[PlyCount "158"]
[EventDate "2017.??.??"]
[EventType "swiss"]
[EventCountry "ISL"]
[SourceTitle "playchess.com"]
[Source "ChessBase"]
[SourceQuality "1"]

{[%evp 27,158,0,0,0,0,0,0,0,0,-57,-52,-62,-47,-46,-37,-35,-16,-9,-4,-5,-10,-13,-10,-25,-15,-27,0,0,0,-30,-3,-21,-14,-25,-21,-25,15,-22,-18,-26,-23,-68,-66,-95,-100,-93,-85,-111,-96,-97,-96,-91,-80,-83,-7,-2,-2,-2,-2,-2,-2,-3,-2,-45,-45,-45,-45,-45,-42,-68,-68,-131,-131,-131,-131,-131,-131,-131,-131,-131,-131,-131,-131,-131,-131,-131,-131,-131,-131,-131,-131,-131,-131,-131,-131,-131,-131,-131,-131,-131,-131,-131,-131,-131,-131,-131,-131,-131,-122,-122,-122,-122,-122,-131,-131,-138,-138,-138,-138,-138,-138,-138,-138,-138,-138,-138,-138,-138,-138,-5800,-5800,-6125,-5800]} 1. e4 e5 2. Nf3 Nc6 3. Bb5 a6 4. Ba4 Nf6 5. O-O Be7 6. Re1 b5 7. Bb3 d6 8. c3 O-O 9. h3 Na5 10. Bc2 c5 11. d4 Nd7 12. d5 Nb6 {C96: Closed Ruy Lopez: Chigorin Defence: 11 d4, replies other than 11...Qc7} 13. Nbd2 g6 14. b4 Nb7 {LiveBook: 10 Games. The position is equal.} 15. Rb1 $146 (15. a4 cxb4 16. cxb4 Nxa4 17. Bxa4 bxa4 18. Qxa4 Bd7 19. Qb3 Qb8 20. Nc4 {1-0 (44) Kryvoruchko,Y (2676)-Bartel,M (2677) Lublin 2012}) 15... Bd7 16. Nf1 Qc7 17. Bh6 Rfc8 {aiming for ...cxb4.} 18. Ne3 (18. Bd3 $11) 18... a5 $15 19. a3 axb4 20. axb4 Ra3 21. Qd2 cxb4 22. cxb4 Qc3 23. Qxc3 Raxc3 24. Bb3 Nd8 25. Nd1 R3c7 $1 26. Nb2 Rc3 27. Nd1 R3c7 28. Nb2 f6 {White must now prevent ...g5.} 29. Be3 Na4 30. Nxa4 bxa4 31. Bd1 Bb5 32. Be2 Rb8 33. Bxb5 Rxb5 34. Rec1 Rxc1+ 35. Bxc1 f5 36. Nd2 fxe4 37. Nxe4 {White wants to play Nc3.} Rxd5 38. Nc3 Rd3 39. Nxa4 Rd1+ 40. Kh2 {[#]} Bg5 $1 {[%mdl 512]} ({Better is} 40... d5 $17 41. Nc3 Rd3) 41. Bxg5 $11 Rxb1 42. Bxd8 Rxb4 43. Nc3 Kf7 44. f3 {[#]} d5 $1 {[%mdl 512]} 45. Nxd5 Rd4 46. Nf6 $1 h5 ({Don't play} 46... Rxd8 47. Nxh7 Ke6 48. g4 $17) 47. Nxh5 $1 gxh5 $15 {[%mdl 4096] Endgame KR-KB} 48. Bg5 Kg6 49. h4 (49. Be7 $15) 49... Kf5 $17 50. Kg3 Ra4 51. Kf2 Ra3 52. Kg1 Ke6 53. Kf2 Ra2+ 54. Kg3 Kd5 55. Bf6 Ra6 56. Bg5 Kd4 57. Kf2 Kd3 58. Kf1 Ra1+ 59. Kf2 Ra2+ 60. Kf1 e4 61. fxe4 Kxe4 62. Kg1 Kd3 63. Kf1 Ra7 64. Bf4 Rf7 65. g3 Ke4 66. Ke2 Ra7 67. Kd2 Kf3 68. Kd3 Rd7+ 69. Kc3 Ke4 70. Kc2 Rd3 71. Kc1 Kf3 72. Kc2 Ke2 73. Kb2 Kd1 74. Be5 Rd5 75. Bf4 Rc5 76. Kb3 Ke2 77. Kb2 Kd3 78. Bd6 $2 {[%mdl 8192] [#]} (78. Bg5 $17) 78... Rc2+ $1 $19 79. Ka3 {[#]} Rc6 $1 0-1

[Event "32nd Reykjavik Open 2017"]
[Site "Reykjavik"]
[Date "2017.04.21"]
[Round "4"]
[White "Nihal Sarin"]
[Black "Ziska, Helgi Dam"]
[Result "1/2-1/2"]
[WhiteElo "2424"]
[BlackElo "2553"]
[Annotator "TA"]
[PlyCount "74"]
[EventDate "2017.??.??"]
[EventType "swiss"]
[EventCountry "ISL"]
[SourceTitle "playchess.com"]
[Source "ChessBase"]
[SourceQuality "1"]

1. d4 $146 (1. Nf3 c5 2. c4 g6 3. d4 cxd4 4. Nxd4 Nc6 5. e4 Nf6 6. Nc3 Nxd4 7. Qxd4 d6 8. Bg5 Bg7 9. Qd2 O-O 10. Be2 a5 11. O-O a4 12. Qe3 Qa5 13. Rac1 Be6 14. f4 Rfc8 15. b3 axb3 16. axb3 Qc5 17. Qxc5 Rxc5 18. Bf3 {0-1 (94) Vidit,S (2689)-Melkumyan,H (2633) Doha 2016}) 1... Nf6 2. c4 g6 3. Nc3 Bg7 4. e4 d6 5. Nf3 O-O 6. Be2 e5 7. O-O Na6 {[%cal Bb8a6,Ba6c5,Bc5e6][%mdl 32]} 8. Re1 c6 9. Be3 h6 {E94: King's Indian: Classical: 6 Be2 e5 7 0-0: Various Black 7th moves} 10. h3 exd4 11. Bxd4 Re8 12. Qc2 Nc5 13. Bf1 Ne6 14. Be3 g5 15. Rad1 g4 16. hxg4 Nxg4 17. Qd2 Qe7 $146 (17... Nxe3 18. Rxe3 {0-1 (46) Wojtaszek,R (2717)-Jobava,B (2730) Poznan 2012}) 18. Qxd6 Qxd6 19. Rxd6 Nxe3 20. Rxe3 Nc5 21. e5 a5 22. Ne4 Nxe4 23. Rxe4 Bf5 24. Re3 {[%cal Be4e3,Be3d3,Bd3d7][%mdl 32]} Bf8 25. Rf6 Be6 26. Nd4 Bg7 {[%cal Bf8g7,Bg7f6,Bf6g5,Bg5f4,Bf4e5][%mdl 32]} 27. Nxe6 Bxf6 28. Nc7 Bg5 29. Rd3 Bf4 30. Nxa8 Rxa8 31. e6 fxe6 32. c5 Be5 33. Rd7 Bxb2 34. Rxb7 Bd4 35. Bc4 Rf8 36. Bxe6+ Kh8 37. Rf7 Bxc5 1/2-1/2

[Event "32nd Reykjavik Open 2017"]
[Site "Reykjavik"]
[Date "2017.04.21"]
[Round "4"]
[White "Sarkar, Justin"]
[Black "Yilmaz, Mustafa"]
[Result "0-1"]
[WhiteElo "2390"]
[BlackElo "2614"]
[Annotator "TA"]
[PlyCount "80"]
[EventDate "2017.??.??"]
[EventType "swiss"]
[EventCountry "ISL"]
[SourceTitle "playchess.com"]
[Source "ChessBase"]
[SourceQuality "1"]

{[%evp 19,80,25,8,7,29,23,28,0,66,49,47,18,49,0,0,0,0,-8,45,-139,-139,-136,-133,-110,-123,-154,-129,-139,-67,-68,-43,-47,-41,-37,-43,-45,-50,-54,-41,-78,-39,-62,-51,-88,-28,-48,-20,-223,-229,-409,-361,-348,-355,-357,-324,-575,-514,-909,-900,-858,-655,-722,-629]} 1. e4 c5 2. Nf3 e6 3. d4 cxd4 4. Nxd4 Nc6 5. Nc3 Qc7 6. Be3 a6 7. Qf3 {B48: Sicilian: Taimanov: 5 Nc3 Qc7 6 Be3 a6 without Be2} d6 (7... Nf6 8. O-O-O Rb8 9. Be2 d6 10. Qg3 Nxd4 11. Bxd4 e5 12. Ba7 Ra8 13. Be3 b5 14. f4 Bb7 15. fxe5 Nxe4 16. Nxe4 Bxe4 {1-0 (42) Nepomniachtchi,I (2767)-Adhiban,B (2666) Doha 2016}) 8. O-O-O Bd7 9. Qg3 Nf6 10. f3 Rc8 {LiveBook: 3 Games} 11. Nxc6 Bxc6 12. Kb1 b5 13. Bd3 e5 $146 (13... g6 $11) (13... Nd7 14. Rhe1 Nc5 {1-0 (42) Lopez Martinez,J (2552)-Ivanisevic,I (2648) Sitges 2016}) 14. a3 Qb7 15. Bg5 Be7 16. Be2 ({Better is} 16. h4 $14) 16... O-O $11 17. Bxf6 Bxf6 18. Nd5 Bd8 (18... Bxd5 $11 19. Rxd5 Rc5) 19. Nb4 $2 (19. Ne3 $14 {stays ahead.}) 19... a5 $1 $17 {[%cal Ra5b4]} 20. Nxc6 Qxc6 21. Bd3 b4 22. b3 bxa3 {( -> ...Qc3)} 23. Qe1 {[#]} Bb6 ({Black should play} 23... a2+ $1 $17 24. Kxa2 Bb6) 24. Ka2 $1 $15 Qc7 25. Bc4 {[#]} a4 $1 {[%mdl 512] And now ...Bd4 would win.} 26. Rd5 (26. bxa4 Qxc4+) 26... Bd4 27. Qb4 Bc5 28. Qd2 Rb8 29. Rd3 Kh8 {Strongly threatening ...Qa7.} 30. h4 Bd4 31. h5 Qe7 (31... h6 $17 {...Rfc8 is the strong threat.} 32. g4 Rfc8) 32. Bd5 $11 Rfc8 $36 {[%mdl 2048] Hoping for ...Qc7. Black is pushing.} 33. b4 $2 {[#]} (33. h6 $11 axb3+ 34. cxb3) 33... Rxb4 $1 $19 {[%mdl 512]} ({Not} 33... Qc7 34. c4 $11) 34. Kxa3 $2 (34. Qxb4 Rxc2+ 35. Kb1 (35. Kxa3 $2 Bc5 36. Rb1 Qc7 $19) 35... Rb2+ 36. Qxb2 axb2 37. Ra3) 34... Bc5 {White must now prevent ...Rb1+.} 35. Ka2 Rcb8 36. c3 R4b6 37. g4 $2 (37. h6 {keeps fighting.} g6 38. Qd1) 37... h6 {Black is clearly winning.} 38. Rc1 (38. Ka1 $142 a3 39. g5) 38... a3 {[%cal Ba4a3,Ba3a2][%mdl 32] aiming for ...Rb2+.} 39. Qd1 Rb2+ 40. Ka1 {[#]} a2 $1 {[%mdl 512]} 0-1